000 00760nam a2200253 a 4500
999 _c10745
_d10745
001 10745
003 BD-JhCC
005 20220727134023.0
008 180903s20182014bg |||| |||| 000 0 ben d
020 _a9789843379894
035 _a(BD-JhCC)10745
040 _aBD-JhCC
_dBD-JhCC
041 _aben
082 _a351.10954
_bHOS 2018
100 _aহোসেন, আমজাদ
245 _aচাকুরীর বিধি-বিধান /
_cআমজাদ হোসেন
250 _a5th ed.
260 _aঢাকা :
_bলিটন পাবলিকেশন্স,
_c২০১৮
300 _a৭৩২ পৃ. :
_c২১ সেমি.
650 _aCivil service
650 _aEmployees
650 _aPensions
942 _2ddc
_cBK
_03